|
|
|
|
| LEADER |
00000nam1a2200000 4500 |
| 001 |
177691 |
| 005 |
20231031165659.0 |
| 010 |
|
|
|a 5278003241
|
| 020 |
|
|
|a RU
|b 92-26931
|
| 035 |
|
|
|a (RuTPU)RU\TPU\book\192659
|
| 090 |
|
|
|a 177691
|
| 100 |
|
|
|a 20100324d1992 cd y0rusy5003 ca
|
| 101 |
0 |
|
|a rus
|
| 200 |
1 |
|
|a Секреты роста
|e Для детей младшего и среднего школьного возраста
|f М. З. Залесский
|
| 210 |
|
|
|a Москва
|c Физкультура и спорт
|d 1992
|
| 215 |
|
|
|a 39,[1] с.
|c цв. ил.
|
| 333 |
|
|
|a Исключено из фонда НТБ ТПУ
|
| 700 |
|
1 |
|a Залесский
|b М. З.
|g Михаил Зиновьевич
|
| 702 |
|
1 |
|a Жигарев
|b В.
|g Вячеслав
|4 340
|
| 801 |
|
0 |
|a RU
|b RuMRKP
|c 19950417
|g psbo
|
| 801 |
|
1 |
|a RU
|b 63413507
|c 20100324
|
| 801 |
|
2 |
|a RU
|b 63413507
|c 20220623
|g RCR
|
| 942 |
|
|
|c BK
|